000 00852nam a2200229Ia 4500
003 GCL
008 140319s9999 xx 000 0 ara d
040 _aGCL /
_cGCL
082 0 4 _a020
_bم م
100 1 _aمحمد فتحى عبدالهادى
245 1 0 _aالمكتبات والمعلومات : دراسات فى الاعداد المهنى والبيلوجرافيا والمعلومات /
_cمحمد فتحى عبدالهادى
260 _a[S.N] :
_bمكتبة الدار العربية للكتاب ،
_c1993
300 _a265 ص
490 _aدراسات فى علم المكتبات والمعلومات
_v0
650 0 4 _aمصر
650 0 4 _aالمعلومات
650 0 4 _aالمكتبيون
650 0 4 _aالتأهيل المهنى
650 0 4 _aالمكتبات
650 0 4 _aالببليوجرافيا
942 _2ddc
_cBK
999 _c36346
_d36346